000 00645nam a22002057a 4500
005 20180210134252.0
010 _aB-593948
020 _c128.00
035 _aB-593948
037 _bPansy Books
082 _a485
100 _aRajendra Pal
245 _aEssetial of english grammer and composition vol-4 /
_cby Rajendra Pal and Ritu Taneja
260 _aDelhi
_bSultan Chand
_c2014
270 _aDarya Ganj
_bnew Delhi
_e110002
300 _av.p
_c22 cm.
700 _aTaneja,Ritu
942 _2ddc
_cEN
_mRAJ
_h485
999 _c149856
_d149856